Medicinal and pharmaceutical chemistry by Harkishan Singh and V K Kapoor (Record no. 1215110)

MARC details
000 -LEADER
fixed length control field 01085nam a2200289Ia 4500
003 - CONTROL NUMBER IDENTIFIER
control field OSt
005 - DATE AND TIME OF LATEST TRANSACTION
control field 20221007125335.0
008 - FIXED-LENGTH DATA ELEMENTS--GENERAL INFORMATION
fixed length control field 221006b |||||||| |||| 00| 0 eng d
020 ## - INTERNATIONAL STANDARD BOOK NUMBER
International Standard Book Number 8185731004 (hbd)
037 ## - SOURCE OF ACQUISITION
Terms of availability Textual
040 ## - CATALOGING SOURCE
Original cataloging agency CDL
Transcribing agency CDL
Language of cataloging eng
041 ## - LANGUAGE CODE
Source of code eng
Language code of text/sound track or separate title eng
100 ## - MAIN ENTRY--PERSONAL NAME
Personal name Singh Harkishan
9 (RLIN) 721594
245 #0 - TITLE STATEMENT
Title Medicinal and pharmaceutical chemistry by Harkishan Singh and V K Kapoor
Remainder of title Kapoor V K
260 ## - PUBLICATION, DISTRIBUTION, ETC.
Place of publication, distribution, etc. Delhi
Name of publisher, distributor, etc. Vallabh Prakashan
Date of publication, distribution, etc. 1996
300 ## - PHYSICAL DESCRIPTION
Extent viii, 671p
Dimensions cm.
500 ## - GENERAL NOTE
General note Appendix 619-634p; Index 635-671p; ^n23/CSL/CARC/2001-2002/920^d2002-03-15^mPurchase; ; 2001-02/569^b2002-03-26^cEBA/247/2001-02^d2002-03-18^eRs.4,370.00^fEducational Book Agency (India); ; 2002-08-24^bSB^c2002-11-27^dRPS
650 ## - SUBJECT ADDED ENTRY--TOPICAL TERM
Topical term or geographic name entry element Pharmaceutical
9 (RLIN) 264492
650 ## - SUBJECT ADDED ENTRY--TOPICAL TERM
Topical term or geographic name entry element Chemistry
700 ## - ADDED ENTRY--PERSONAL NAME
Personal name Kapoor V K
942 ## - ADDED ENTRY ELEMENTS (KOHA)
Classification part LZ3:(E), N6;1
Koha item type Textual
Source of classification or shelving scheme Colon Classification (CC)
Holdings
Withdrawn status Lost status Source of classification or shelving scheme Damaged status Not for loan Home library Current library Date acquired Source of acquisition Total Checkouts Full call number Barcode Date last seen Price effective from Koha item type
    Colon Classification (CC)     Department of Chemistry Library Department of Chemistry Library 2022-10-07 Educational,   LZ3:(E) N6;1 CD0006689 2022-10-07 2022-10-07 Textual
Copyright @ Delhi University Library System